| 000 | 01398cam a2200361 a 4500 | ||
|---|---|---|---|
| 999 |
_c6728 _d6728 |
||
| 001 | 12070406 | ||
| 003 | OSt | ||
| 005 | 20200123095546.0 | ||
| 008 | 000622s2000 enka b 001 0 eng d | ||
| 010 | _a 00268212 | ||
| 015 | _aGBA0-Z8023 | ||
| 020 | _a0521776988 (pbk.) | ||
| 020 | _a9780521776981 | ||
| 035 | _a(OCoLC)ocm43342272 | ||
| 040 | _coclc | ||
| 042 | _alccopycat | ||
| 050 | 0 | 0 |
_aHF5548.32 _b.M377 2000 |
| 082 | 0 | 0 |
_a658.84 _221 _bMAY/B |
| 100 |
_aMay, Paul _d1963- _91458 |
||
| 245 | 1 | 4 |
_aThe business of ecommerce : _bfrom corporate strategy to technology / _cPaul May. |
| 246 | 3 | _aBusiness of e-commerce | |
| 260 |
_aCambridge ; _aNew York : _bCambridge University Press : _bSIGS Books, _c2000. |
||
| 300 |
_axvii, 270 p. : _bill. ; _c23 cm. |
||
| 440 | 0 |
_aBreakthroughs in application development series ; _v1 |
|
| 504 | _aIncludes bibliographical references and index. | ||
| 650 | 0 | _aElectronic commerce. | |
| 650 | 0 | _aInternet. | |
| 856 | 4 | 2 |
_3Publisher description _uhttp://www.loc.gov/catdir/description/cam021/00268212.html |
| 856 | 4 | 1 |
_3Table of contents _uhttp://www.loc.gov/catdir/toc/cam022/00268212.html |
| 906 |
_a7 _bcbc _ccopycat _d2 _encip _f20 _gy-gencatlg |
||
| 942 |
_2ddc _cBK _h658.84 _iMAY/B _k658.84 _mMAY/B |
||